Striking out #1 / Will Weaver.
Available copies
- 2 of 2 copies available at LARL/NWRL Consortium.
Current holds
0 current holds with 2 total copies.
Show Only Available Copies
| Location | Call Number / Copy Notes | Barcode | Shelving Location | Status | Due Date |
|---|---|---|---|---|---|
| Godel Memorial-Warren Library | ya WEA (Text) | 35500001773298 | Main | Available | - |
| Greenbush Public Library | ya pb (Text) | 35500004668354 | Main | Available | - |
Record details
- ISBN: 9780064471138
- ISBN: 006023346X
- ISBN: 0060233478 (lib. bdg.)
- Physical Description: xiii, 272 p. ; 22 cm.
- Publisher: New York, NY : HarperCollins, 1993.
Content descriptions
| Summary, etc.: | Since the death of his older brother, ... Read More |
Search for related items by subject
| Subject: | Adult Mystery Farm life > Minnesota > Fiction. Baseball > Fiction. Fathers and sons > Fiction. Death > Fiction. Minnesota > Fiction. Authors, American > Minnesota. |
Search for related items by series
| LDR | 02376cam a2200469Ia 4500 | ||
|---|---|---|---|
| 001 | 12769 | ||
| 003 | LARL_NWRL_CONSORTIUM | ||
| 005 | 19931203144022.0 | ||
| 008 | 930216s1993 nyu j 000 1 eng | ||
| 010 | . | ‡a93000565 /AC | |
| 020 | . | ‡a9780064471138 | |
| 020 | . | ‡a006023346X | |
| 020 | . | ‡a0060233478 (lib. bdg.) | |
| 035 | . | ‡a(OCoLC)28291451 | |
| 040 | . | ‡aDLC ‡cDLC ‡dJBO | |
| 082 | 0 | 0. | ‡a[Fic] ‡220 |
| 099 | . | ‡aWea | |
| 100 | 1 | . | ‡aWeaver, Will. ‡0(LARL_NWRL_CONSORTIUM)84501 |
| 245 | 1 | 0. | ‡aStriking out ‡n#1 / ‡cWill Weaver. |
| 260 | . | ‡aNew York, NY : ‡bHarperCollins, ‡c1993. | |
| 300 | . | ‡axiii, 272 p. ; ‡c22 cm. | |
| 490 | 0 | . | ‡aBilly Baggs ; ‡v1 |
| 520 | . | ‡aSince the death of his older brother, thirteen-year-old Billy Baggs has had a distant relationship with his father, but life on their farm in northern Minnesota begins to change when he starts to play baseball. | |
| 650 | . | ‡aAdult Mystery | |
| 650 | 1. | ‡aFarm life ‡zMinnesota ‡vFiction. | |
| 650 | 1. | ‡aBaseball ‡vFiction. ‡0(LARL_NWRL_CONSORTIUM)175884 | |
| 650 | 1. | ‡aFathers and sons ‡vFiction. ‡0(LARL_NWRL_CONSORTIUM)164946 | |
| 650 | 1. | ‡aDeath ‡vFiction. ‡0(LARL_NWRL_CONSORTIUM)164548 | |
| 651 | 1. | ‡aMinnesota ‡vFiction. ‡0(LARL_NWRL_CONSORTIUM)166041 | |
| 650 | 0. | ‡aAuthors, American ‡zMinnesota. | |
| 901 | . | ‡a12769 ‡bOCLC ‡c12769 ‡tbiblio | |

Add to basket
Permalink
Enable Highlighting